[Event "Detroit (Class B/2/1)"]
[Site "?"]
[Date "1996.??.??"]
[Round "?"]
[White "al-Shareef, Robert"]
[Black "Rotberg, Victor"]
[Result "0-1"]
[WhiteElo "1685"]
[BlackElo "1785"]
[PlyCount "72"]
[EventDate "1996.??.??"]

{2/(1)} 1. Nf3 Nf6 2. g3 d5 3. Bg2 Bf5 4. O-O e6 5. d3 Be7 6. Nbd2 O-O 7. Re1
Nc6 8. e4 dxe4 9. dxe4 Nxe4 10. Nxe4 Qxd1 11. Rxd1 Bxe4 12. c3 Rad8 13. Bf4 Bd6
14. Be3 h6 15. Nd4 Bxg2 16. Kxg2 Nxd4 17. Rxd4 b6 18. Rad1 e5 19. Rd5 f6 20.
R1d2 Be7 21. Rd7 Rxd7 22. Rxd7 Bd6 23. Kh3 Kh7 24. a4 Kg6 25. a5 Rf7 26. Rd8
bxa5 27. Bxa7 a4 28. c4 a3 29. bxa3 Bxa3 30. c5 Kf5 31. f3 Ke6 32. Kg4 f5+ 33.
Kh5 e4 34. fxe4 fxe4 35. c6 Bb2 36. Bc5 Rf5+ 0-1

[Event "Detroit (Class B/4/5)"]
[Site "?"]
[Date "1996.??.??"]
[Round "?"]
[White "al-Shareef, Robert"]
[Black "Rosenberg, Steve"]
[Result "1/2-1/2"]
[WhiteElo "1685"]
[BlackElo "1740"]
[PlyCount "101"]
[EventDate "1996.??.??"]

{4/(5)} 1. Nf3 d6 2. g3 e5 3. d3 Nf6 4. Nbd2 Nc6 5. Bg2 Be7 6. O-O O-O 7. c4
Bg4 8. h3 Bd7 9. a3 Qc8 10. Kh2 a5 11. b3 Nd8 12. Bb2 c5 13. Ng5 Nh5 14. Nge4
f5 15. Nc3 Nf6 16. Rc1 f4 17. b4 axb4 18. axb4 cxb4 19. Nd5 Nxd5 20. cxd5 Qb8
21. Qb3 fxg3+ 22. fxg3 Nf7 23. Qxb4 Ra4 24. Qb6 Bd8 25. Qf2 Bg5 26. e3 Ra2 27.
Nc4 b5 28. Na3 Bxe3 29. Qxe3 Rxb2 30. d4 exd4 31. Qxd4 Re2 32. Rc2 Rxc2 33.
Nxc2 Ne5 34. Rxf8+ Qxf8 35. Qa7 Qc8 36. Nb4 Qc5 37. Qa8+ Qc8 38. Qa7 Qc5 39.
Qa8+ Kf7 40. Nc6 Qf2 41. Nxe5+ dxe5 42. Qd8 Qf5 43. d6 Qe6 44. Bd5 Qxd5 45.
Qxd7+ Kg6 46. Qg4+ Kf7 47. Qf5+ Ke8 48. Qc8+ Kf7 49. Qf5+ Ke8 50. Qc8+ Kf7 51.
Qf5+ 1/2-1/2

[Event "Detroit (MI Action/2/7)"]
[Site "?"]
[Date "1996.??.??"]
[Round "?"]
[White "al-Shareef, Robert"]
[Black "Brown, W."]
[Result "1-0"]
[WhiteElo "1670"]
[BlackElo "1605"]
[PlyCount "82"]
[EventDate "1996.??.??"]

{2/(7)} 1. e4 e5 2. Nf3 Nc6 3. Bb5 Nge7 4. O-O a6 5. Ba4 d6 6. c3 b5 7. Bc2 Ng6
8. d4 Be7 9. Re1 O-O 10. d5 Nb8 11. Nbd2 Nd7 12. Nf1 Nf6 13. a4 Bb7 14. Ng3 c6
15. axb5 axb5 16. Rxa8 Bxa8 17. dxc6 Bxc6 18. Nf5 h6 19. Qd3 Qd7 20. b3 Rd8 21.
Ba3 Bf8 22. g3 Ne8 23. c4 bxc4 24. bxc4 Nh8 25. Qe3 Qe6 26. Bb3 Qf6 27. Qb6 Rc8
28. Nd2 g6 29. Ne3 Qg5 30. h4 Qd8 31. Qxd8 Rxd8 32. Nd5 f5 33. c5 Nf7 34. cxd6
Bxd6 35. Bxd6 Rxd6 36. Nc4 Re6 37. exf5 gxf5 38. Nce3 Bxd5 39. Nxd5 Ned6 40. f4
e4 41. Re3 Kg7 {[Remainder unavailable]} 1-0

[Event "Detroit (MI Action/4/5)"]
[Site "?"]
[Date "1996.??.??"]
[Round "?"]
[White "al-Shareef, Robert"]
[Black "Bezrutch, B."]
[Result "1-0"]
[WhiteElo "1670"]
[BlackElo "1605"]
[PlyCount "35"]
[EventDate "1996.??.??"]

{4/(5)} 1. Nf3 Nc6 2. g3 e5 3. d3 Nf6 4. Bg2 Bc5 5. O-O O-O 6. Nbd2 Rb8 7. Nc4
d6 8. a4 b6 9. Bg5 Bb7 10. Qd2 Nd4 11. Nxd4 exd4 12. c3 dxc3 13. bxc3 d5 14.
Ne5 d4 15. Bxb7 Qd6 16. Bxf6 Rxb7 17. Nd7 Qxd7 18. Qg5 1-0

[Event "Lansing (MOR/5/49)"]
[Site "?"]
[Date "1996.??.??"]
[Round "?"]
[White "Zydeck, B."]
[Black "McNair, P."]
[Result "0-1"]
[WhiteElo "1605"]
[BlackElo "1605"]
[PlyCount "101"]
[EventDate "1996.??.??"]

{5/(49)} 1. e4 e5 2. d4 Nf6 3. Nc3 Bb4 4. Nge2 Nxe4 5. Qd3 Bxc3+ 6. Nxc3 Nxc3
7. Qxc3 exd4 8. Qxd4 O-O 9. b3 Re8+ 10. Be2 Nc6 11. Qc3 b6 12. Bb2 f6 13. Qf3
Ba6 14. c4 Ne5 15. Bxe5 fxe5 16. O-O Qg5 17. Rad1 e4 18. Qh3 d6 19. Rfe1 Bc8
20. Qg3 Qxg3 21. fxg3 Bf5 22. Rf1 Rf8 23. g4 Bg6 24. a4 e3 25. Rf3 Rfe8 26.
Rdf1 Bc2 27. c5 Bxb3 28. cxb6 axb6 29. h3 Bd5 30. Rf5 Be6 31. R5f3 d5 32. Rxe3
Bd7 33. Rxe8+ Rxe8 34. Bd1 b5 35. Bf3 Re5 36. axb5 Bxb5 37. Rd1 Bc4 38. Rd4 c5
39. Rd1 d4 40. Ra1 Bb5 41. Rb1 d3 42. Kf2 d2 43. Bd1 Re1 44. Rxb5 Rxd1 45. Ke2
Rg1 46. Kxd2 Rxg2+ {[Remainder illegible; 0-1, 62?]} 47. Ke3 Rg3+ 48. Kf2 Rxh3
49. Rxc5 Kf7 50. Ke2 h5 51. gxh5 0-1

[Event "Lansing (MOR/2/41)"]
[Site "?"]
[Date "1996.??.??"]
[Round "?"]
[White "Zydeck, B."]
[Black "Kyser, Bob"]
[Result "1/2-1/2"]
[WhiteElo "1605"]
[BlackElo "1605"]
[PlyCount "118"]
[EventDate "1996.??.??"]

{2/(41)} 1. e4 e5 2. d4 exd4 3. Qxd4 Nc6 4. Qa4 Nf6 5. Nc3 d6 6. Nf3 Bd7 7. Qb3
b6 8. Ng5 Qe7 9. Nd5 Nxd5 10. Qxd5 f6 11. Nf3 Rb8 12. Bb5 Nb4 13. Bxd7+ Qxd7
14. Qc4 d5 15. exd5 b5 16. Qb3 Rd8 17. Bd2 Nxd5 18. O-O-O b4 19. Bf4 Qc6 20.
Rhe1+ Be7 21. Nd4 Qb7 22. Ne6 Rd7 23. Nxg7+ Kd8 24. Ne6+ Kc8 25. Be3 Nxe3 26.
Qxe3 Rxd1+ 27. Rxd1 Bd6 28. Qh6 Be5 29. Qg7 Re8 30. Qf7 Rh8 31. Nf8 c5 32.
Qxb7+ Kxb7 33. Ne6 Re8 34. Nxc5+ Kc6 35. Nd3 a5 36. Nxe5+ Rxe5 37. b3 Re2 38.
Rf1 Kd5 39. Kd1 Re4 40. f3 Re3 41. h4 Kd4 42. Kd2 f5 43. Re1 Rxe1 44. Kxe1 Ke3
45. g4 fxg4 46. fxg4 Kf4 47. c4 bxc3 48. Kd1 Kxg4 49. a3 Kxh4 50. b4 axb4 51.
axb4 Kg3 52. b5 h5 53. b6 h4 54. b7 c2+ 55. Kxc2 Kg2 56. b8=Q h3 57. Qg8+ Kh1
58. Qg3 h2 59. Qe1+ Kg2 1/2-1/2

[Event "Ann Arbor (Fall Open/1/11)"]
[Site "?"]
[Date "1996.??.??"]
[Round "?"]
[White "Zydeck, B."]
[Black "Dowling, James"]
[Result "0-1"]
[WhiteElo "1605"]
[BlackElo "1605"]
[PlyCount "96"]
[EventDate "1996.??.??"]

{1/(11)} 1. c4 e6 2. Nc3 d5 3. e3 c6 4. d4 Nf6 5. Nf3 Bd6 6. c5 Bc7 7. Bd3 Nbd7
8. O-O O-O 9. Qc2 g6 10. h3 e5 11. Re1 e4 12. Bxe4 dxe4 13. Nxe4 Nxe4 14. Qxe4
Nf6 15. Qh4 h5 16. Qg5 Kg7 17. e4 Rh8 18. e5 Nd5 19. Bd2 Qxg5 20. Nxg5 Re8 21.
Re2 b6 22. Re4 Bf5 23. cxb6 Bxb6 24. Rae1 Bxe4 25. Rxe4 Rad8 26. e6 Nf6 27. Re1
Bxd4 28. Bb4 c5 29. Ba5 Rd6 30. exf7 Rxe1+ 31. Bxe1 Nd7 32. b4 Nf8 33. bxc5
Bxc5 34. Ne4 Rd1 35. Nxc5 Rxe1+ 36. Kh2 Re2 37. Kg3 Rxa2 38. f4 a5 39. Kh4 Kxf7
40. Kg5 Rxg2+ 41. Kh6 Rg3 42. h4 Ne6 43. Nxe6 Kxe6 44. Kg7 Ke7 45. Kh6 Kf6 46.
f5 gxf5 47. Kxh5 Rg8 48. Kh6 Rh8# 0-1

[Event "Lansing (MOR/4/47)"]
[Site "?"]
[Date "1996.??.??"]
[Round "?"]
[White "Zydeck, B."]
[Black "Davis, A."]
[Result "0-1"]
[WhiteElo "1605"]
[BlackElo "1605"]
[PlyCount "52"]
[EventDate "1996.??.??"]

{4/(47)} 1. e4 e6 2. d4 d5 3. e5 c5 4. Nf3 Nc6 5. Bb5 Bd7 6. O-O Qb6 7. Nc3
Nge7 8. Be3 Nf5 9. dxc5 Bxc5 10. Re1 Nxe3 11. fxe3 Bxe3+ 12. Kh1 O-O 13. Qd3
Bf4 14. Ne2 Bxe5 15. Ng5 g6 16. Qh3 h5 17. Qf3 Qxb5 18. Qh3 Bg7 19. g4 e5 20.
gxh5 Bxh3 21. Nc3 Qc5 22. Rad1 Rad8 23. Rd3 Bf5 24. Rf3 Nd4 25. Rf2 Nxc2 26.
Rxe5 Bxe5 0-1

[Event "Lansing (MOR/4/7)"]
[Site "?"]
[Date "1996.??.??"]
[Round "?"]
[White "Zuniga, Jesus"]
[Black "Turkalo, A."]
[Result "0-1"]
[WhiteElo "1605"]
[BlackElo "1645"]
[PlyCount "114"]
[EventDate "1996.??.??"]

{4/(7)} 1. d4 Nf6 2. c4 e6 3. Nc3 c5 4. d5 exd5 5. cxd5 d6 6. e4 g6 7. Nf3 Bg7
8. Bd3 O-O 9. O-O Re8 10. Re1 a6 11. a4 Nbd7 12. Bf4 Qb6 13. Qc2 Nh5 14. Bd2
Ne5 15. Nxe5 Bxe5 16. Be2 Nf4 17. g3 Nxe2+ 18. Rxe2 Bg4 19. Ree1 Qd8 20. f4
Bd4+ 21. Be3 Rc8 22. Qd3 Qb6 23. Rab1 Re7 24. Kg2 Rce8 25. h3 Bc8 26. Bxd4 cxd4
27. Nd1 Qb4 28. Nf2 Qxa4 29. Rbd1 Rc7 30. Re2 Bd7 31. Qxd4 Qxd4 32. Rxd4 f6 33.
g4 Bb5 34. Red2 Kf7 35. Kf3 g5 36. Kg3 h6 37. Kf3 Rec8 38. f5 Rc2 39. Ke3 R8c4
40. Rxc4 Rxc4 41. Rd4 Ke7 42. Rxc4 Bxc4 43. Kd4 Bf1 44. Kc3 a5 45. b4 a4 46. b5
Bxb5 47. Kb4 Kd8 48. Nd1 Bd3 49. Nf2 Bc2 50. Kc3 Bb3 51. Kb4 Kc7 52. Nd3 Bd1
53. Nb2 Bf3 54. Nxa4 Bxe4 55. Nc3 Bg2 56. Nb5+ Kd7 57. Nc3 Bxh3 0-1

[Event "Detroit (MI Action/2/2)"]
[Site "?"]
[Date "1996.??.??"]
[Round "?"]
[White "Zuniga, Jesus"]
[Black "Skidmore, Mike"]
[Result "1/2-1/2"]
[WhiteElo "1605"]
[BlackElo "1970"]
[PlyCount "76"]
[EventDate "1996.??.??"]

{2/(2)} 1. d4 d5 2. c4 Nf6 3. Nc3 e6 4. Bg5 Be7 5. Nf3 c6 6. e3 O-O 7. Rc1 Nbd7
8. Be2 h6 9. Bh4 dxc4 10. Bxc4 Nb6 11. Bd3 Nbd5 12. Qc2 Nb4 13. Qe2 Nxd3+ 14.
Qxd3 b6 15. O-O Bb7 16. Rfd1 c5 17. Ne1 cxd4 18. Qxd4 Qxd4 19. Rxd4 Rfd8 20.
Rcd1 Rxd4 21. Rxd4 g5 22. Bg3 Bc5 23. Rd1 Nd5 24. Be5 f6 25. Nxd5 Bxd5 26. Bxf6
Bxa2 27. Rd7 Bf8 28. Rc7 Bd5 29. Nd3 a5 30. Ne5 b5 31. Ng6 b4 32. Nxf8 Kxf8 33.
f3 a4 34. Be7+ Kg8 35. Bxb4 Rb8 36. Ba3 Bb3 37. Kf2 Rd8 38. Kg3 Rd2 1/2-1/2

[Event "Detroit (MI Action/4/9)"]
[Site "?"]
[Date "1996.??.??"]
[Round "?"]
[White "Zuniga, Jesus"]
[Black "Saenz, Scott"]
[Result "0-1"]
[WhiteElo "1605"]
[BlackElo "1605"]
[PlyCount "38"]
[EventDate "1996.??.??"]

{4/(9)} 1. d4 Nf6 2. c4 e6 3. Nc3 Bb4 4. Bd2 d5 5. e3 O-O 6. cxd5 Bxc3 7. Bxc3
exd5 8. Bd3 Be6 9. Ne2 Nbd7 10. O-O b6 11. Rc1 c5 12. b3 cxd4 13. Nxd4 Nc5 14.
Bb4 Nxd3 15. Nxe6 fxe6 16. Bxf8 Nxc1 17. Bxg7 Nxa2 18. Bh6 Nc3 19. Qd4 Ne2+ 0-1

[Event "Detroit (Class DE/3/4)"]
[Site "?"]
[Date "1996.??.??"]
[Round "?"]
[White "Zuniga, Jesus"]
[Black "Raupp, Christine"]
[Result "1-0"]
[WhiteElo "1605"]
[BlackElo "1605"]
[PlyCount "101"]
[EventDate "1996.??.??"]

{3/(4)} 1. d4 e6 2. c4 f5 3. g3 Nf6 4. Bg2 Nc6 5. e3 b6 6. Ne2 Bb7 7. O-O Be7
8. Nbc3 O-O 9. a3 Qe8 10. Qc2 Qh5 11. f3 Bd6 12. b4 Ne7 13. c5 Bxg3 14. hxg3 g5
15. Kf2 g4 16. Rh1 Qg6 17. f4 Bxg2 18. Kxg2 Kf7 19. Bb2 Rh8 20. Rh2 h5 21. Rah1
Rh6 22. Nb5 Ned5 23. Qd3 a6 24. Nbc3 b5 25. Nxd5 Nxd5 26. Nc3 Nxc3 27. Bxc3
Rah8 28. Rh4 Qg8 29. d5 Qa8 30. Bxh8 Rxh8 31. Rd1 c6 32. d6 Qg8 33. e4 Qg6 34.
exf5 exf5 35. Re1 Qf6 36. Qb3+ Kg6 37. Re7 Rf8 38. Rxd7 Qd4 39. Qc2 Qd5+ 40.
Kh2 Re8 41. Re7 Rxe7 42. dxe7 Qe6 43. Qd2 Kf7 44. Rxh5 Kg6 45. Rg5+ Kf7 46. Rh5
Kg6 47. Rh8 Qxe7 48. Qd6+ Kf7 49. Rh7+ Kf8 50. Qxe7+ Kg8 51. Qg7# 1-0

[Event "Howell (US Am N/2/51)"]
[Site "?"]
[Date "1996.??.??"]
[Round "?"]
[White "Zuniga, Jesus"]
[Black "Pollins, M."]
[Result "1-0"]
[WhiteElo "1605"]
[BlackElo "1605"]
[PlyCount "99"]
[EventDate "1996.??.??"]

{2/(51)} 1. d4 d5 2. c4 Nf6 3. Nc3 Be6 4. Bg5 dxc4 5. Bxf6 exf6 6. e4 Bb4 7.
Qa4+ Nc6 8. d5 Bxd5 9. Rd1 Bxc3+ 10. bxc3 Qe7 11. f3 O-O 12. Rxd5 Rad8 13. Bxc4
Rxd5 14. Bxd5 Ne5 15. Qxa7 Nd3+ 16. Ke2 Nf4+ 17. Kf2 Nd3+ 18. Ke3 Ne5 19. Ne2
f5 20. Ng3 f4+ 21. Kxf4 Qf6+ 22. Ke3 Qh6+ 23. Ke2 c6 24. Bb3 Qd6 25. Qd4 Rd8
26. Qxd6 Rxd6 27. Rd1 Rxd1 28. Kxd1 c5 29. Nf5 c4 30. Bc2 Kf8 31. Ke2 g6 32.
Nd6 b6 33. Nc8 Nd3 34. Bxd3 cxd3+ 35. Kxd3 b5 36. Nd6 Ke7 37. Nxb5 f5 38. exf5
gxf5 39. a4 Ke6 40. a5 Kd7 41. a6 Kc8 42. a7 Kb7 43. c4 f4 44. c5 Ka6 45. a8=Q+
Kxb5 46. c6 Kc5 47. c7 Kd6 48. c8=Q h5 49. Qac6+ Ke5 50. Q8e6# 1-0

[Event "Detroit (WCO/2/6)"]
[Site "?"]
[Date "1996.??.??"]
[Round "?"]
[White "Zuniga, Jesus"]
[Black "Peiter, H."]
[Result "1-0"]
[WhiteElo "1605"]
[BlackElo "1770"]
[PlyCount "49"]
[EventDate "1996.??.??"]

{2/(6)} 1. d4 d5 2. c4 c6 3. Nc3 Nf6 4. Bf4 dxc4 5. e3 Bf5 6. Bxc4 e6 7. Nge2
Bb4 8. a3 Be7 9. O-O O-O 10. f3 Nbd7 11. e4 Bg6 12. Qd2 Nb6 13. Bd3 c5 14. Be3
cxd4 15. Bxd4 Rc8 16. Rac1 Nc4 17. Bxc4 Rxc4 18. Qe3 Qa5 19. Kh1 Bc5 20. Bxc5
Qxc5 21. Qxc5 Rxc5 22. Rfd1 Rfc8 23. Rd2 a6 24. Rcd1 R5c7 25. Rd8+ 1-0

[Event "Lansing (MOR/1a/17)"]
[Site "?"]
[Date "1996.??.??"]
[Round "?"]
[White "Zuniga, Jesus"]
[Black "Paul, Dennis"]
[Result "1-0"]
[WhiteElo "1605"]
[BlackElo "1605"]
[PlyCount "125"]
[EventDate "1996.??.??"]

1. d4 d5 2. c4 c5 3. dxc5 Qa5+ 4. Nc3 dxc4 5. e4 Qxc5 6. Qa4+ Bd7 7. Qxc4 Qxc4
8. Bxc4 e5 9. Nd5 Bd6 10. Ne2 Ne7 11. Nec3 O-O 12. O-O Be6 13. Rd1 Bxd5 14.
Nxd5 Nbc6 15. Nxe7+ Bxe7 16. Rd7 Rab8 17. Bd5 Rfe8 18. Bxc6 bxc6 19. Rxa7 Bc5
20. Ra6 Red8 21. g3 Rdc8 22. a3 Bd4 23. Rb1 c5 24. Ra4 c4 25. Rb4 Rxb4 26. axb4
c3 27. bxc3 Bxc3 28. Bb2 Bxb2 29. Rxb2 Kf8 30. Kf1 Ke7 31. Ke2 Rc4 32. Kd3 Rd4+
33. Ke3 Kd6 34. b5 Kc7 35. b6+ Kb7 36. f4 f6 37. fxe5 fxe5 38. Rb5 Rd6 39. Rxe5
Rxb6 40. Re7+ Kc8 41. Rxg7 Rh6 42. h4 Kd8 43. Kf4 Rh5 44. e5 Ke8 45. e6 Kf8 46.
e7+ Ke8 47. Kg4 Re5 48. Rxh7 Rxe7 49. Rxe7+ Kxe7 50. Kf5 Kf7 51. g4 Kg7 52. g5
Kf7 53. h5 Kg7 54. h6+ Kh7 55. Kf6 Kg8 56. g6 Kh8 57. g7+ Kg8 58. h7+ Kxh7 59.
Kf7 Kh6 60. g8=Q Kh5 61. Kf6 Kh4 62. Kf5 Kh3 63. Kf4 1-0

[Event "Howell (US Am N/4/28)"]
[Site "?"]
[Date "1996.??.??"]
[Round "?"]
[White "Zuniga, Jesus"]
[Black "Marson, Michael"]
[Result "0-1"]
[WhiteElo "1605"]
[BlackElo "1665"]
[PlyCount "56"]
[EventDate "1996.??.??"]

{4/(28)} 1. d4 Nf6 2. c4 g6 3. Nc3 d5 4. Nf3 Bg7 5. Bg5 c6 6. e3 Bg4 7. h3 Bxf3
8. Qxf3 e6 9. Rc1 O-O 10. Bd3 Nbd7 11. O-O dxc4 12. Bxc4 Qb6 13. Qe2 Nd5 14.
Rfd1 N7f6 15. e4 Nxc3 16. bxc3 Rfe8 17. e5 Nd5 18. Kh1 Qa5 19. Qd2 Rac8 20. Re1
b5 21. Bxd5 cxd5 22. Bf6 Rc4 23. Rc2 Rec8 24. Rec1 Qc7 25. a3 a5 26. Rb1 b4 27.
axb4 axb4 28. Rxb4 Rxb4 0-1

[Event "Detroit (WCO/5/7)"]
[Site "?"]
[Date "1996.??.??"]
[Round "?"]
[White "Zuniga, Jesus"]
[Black "Marson, Michael"]
[Result "1/2-1/2"]
[WhiteElo "1605"]
[BlackElo "1665"]
[PlyCount "162"]
[EventDate "1996.??.??"]

{5/(7)} 1. d4 Nf6 2. c4 g6 3. Nc3 d5 4. Bf4 Bg7 5. Nf3 O-O 6. e3 Bg4 7. h3 Bxf3
8. Qxf3 e6 9. Rc1 c6 10. c5 Nbd7 11. Bd3 b6 12. cxb6 axb6 13. O-O c5 14. dxc5
bxc5 15. b3 Nh5 16. Bd6 Re8 17. Nb5 Rxa2 18. Nc7 Ne5 19. Bxe5 Bxe5 20. Nxe8
Qxe8 21. Rxc5 Qe7 22. Rfc1 Nf6 23. R5c2 Ra7 24. Qe2 Kg7 25. e4 Bd4 26. exd5
Nxd5 27. Bc4 Nf4 28. Qf3 Qg5 29. Rd1 Bb6 30. Rcd2 Kh6 31. Rd7 Ra2 32. R7d2 Rxd2
33. Rxd2 Nxg2 34. Rd7 Ne3+ 35. Qg3 Qxg3+ 36. fxg3 Nxc4+ 37. Kg2 Ne5 38. Rb7 Bd4
39. b4 Kg5 40. b5 h5 41. Rb8 h4 42. Ra8 hxg3 43. Kxg3 Bb6 44. Ra6 Nc4 45. Ra8
f6 46. Rh8 e5 47. h4+ Kf5 48. h5 gxh5 49. Rxh5+ Ke4 50. Rh4+ Kd5 51. Kf3 e4+
52. Ke2 f5 53. Rh8 f4 54. Rf8 f3+ 55. Rxf3 exf3+ 56. Kxf3 Kc5 57. Ke4 Kxb5 58.
Kd5 Bc5 59. Ke4 Kc6 60. Kd3 Kd5 61. Kc3 Ne5 62. Kc2 Kc4 63. Kd2 Bd4 64. Ke2 Kc3
65. Kf1 Kd3 66. Kg2 Ke4 67. Kg3 Be3 68. Kg2 Kf4 69. Kf1 Kf3 70. Ke1 Nc6 71. Kd1
Nd4 72. Ke1 Bg5 73. Kd1 Bf4 74. Ke1 Ke3 75. Kd1 Bg3 76. Kc1 Kd3 77. Kd1 Nf5 78.
Kc1 Kc3 79. Kd1 Nd4 80. Kc1 Ne2+ 81. Kd1 Kd3 1/2-1/2

[Event "Detroit (Class DE/1/5)"]
[Site "?"]
[Date "1996.??.??"]
[Round "?"]
[White "Zuniga, Jesus"]
[Black "Hartley, A."]
[Result "1-0"]
[WhiteElo "1605"]
[BlackElo "1605"]
[PlyCount "109"]
[EventDate "1996.??.??"]

{1/(5)} 1. d4 d5 2. c4 e6 3. Nc3 c6 4. e3 Bd6 5. cxd5 exd5 6. Bd3 Nf6 7. Nge2
O-O 8. h3 Qc7 9. Qc2 b6 10. Bd2 Ba6 11. Bxa6 Nxa6 12. a3 c5 13. Nb5 Qd7 14.
Nxd6 Qxd6 15. dxc5 Nxc5 16. Rc1 d4 17. Nxd4 Nfe4 18. b4 Nxd2 19. bxc5 bxc5 20.
Qxc5 Ne4 21. Qxd6 Nxd6 22. O-O Rfc8 23. Rc6 Rxc6 24. Nxc6 f6 25. Rd1 Nc4 26.
Rd7 Nxa3 27. Nxa7 Nc4 28. Nc6 Nb6 29. Ne7+ Kh8 30. Rb7 Nc4 31. Nf5 g6 32. Nh6
f5 33. Nf7+ Kg8 34. Ng5 h6 35. Nf3 Rf8 36. Rc7 Nd6 37. Ne5 Rf6 38. Rd7 Nf7 39.
Nxf7 Rxf7 40. Rd6 Kg7 41. f4 h5 42. Kf2 Re7 43. Rd3 Kf6 44. Kf3 Re4 45. Rd6+
Re6 46. Rxe6+ Kxe6 47. g4 hxg4+ 48. hxg4 Kf6 49. e4 fxe4+ 50. Kxe4 Ke6 51. g5
Kf7 52. Kd5 Ke7 53. Ke5 Kf7 54. Kd6 Kg7 55. Ke7 1-0

[Event "Lansing (MOR/7/16)"]
[Site "?"]
[Date "1996.??.??"]
[Round "?"]
[White "Zuniga, Jesus"]
[Black "Garfield-Turner, A."]
[Result "1-0"]
[WhiteElo "1605"]
[BlackElo "1605"]
[PlyCount "119"]
[EventDate "1996.??.??"]

{7/(16)} 1. d4 Nf6 2. c4 e6 3. Nc3 d5 4. Nf3 Bb4 5. Bg5 Bxc3+ 6. bxc3 Nbd7 7.
e3 O-O 8. Ne5 Qe8 9. Nxd7 Bxd7 10. Bxf6 gxf6 11. Qg4+ Kh8 12. Bd3 f5 13. Qf4 c6
14. h4 Rg8 15. Qe5+ Rg7 16. h5 Kg8 17. g3 Kf8 18. Kd2 Qb8 19. Qf6 Qd8 20. Qh4
Qxh4 21. Rxh4 Ke7 22. cxd5 cxd5 23. Rg1 Rag8 24. Be2 h6 25. Rhh1 Kd6 26. a4 b6
27. Ra1 Rc8 28. Rhb1 Rgg8 29. a5 Rb8 30. axb6 Rxb6 31. Rxb6+ axb6 32. c4 Bc6
33. Ra6 Rb8 34. Ra7 Bb7 35. Bf3 Kc6 36. cxd5+ exd5 37. Be2 Ra8 38. Rxa8 Bxa8
39. Bd3 f4 40. exf4 Kd6 41. g4 Bc6 42. g5 hxg5 43. fxg5 Ke7 44. f4 f6 45. g6
Be8 46. h6 Kf8 47. Bf5 Bxg6 48. Bxg6 Kg8 49. h7+ Kh8 50. Kc3 b5 51. Kb4 f5 52.
Kxb5 Kg7 53. Kc5 Kh8 54. Kxd5 Kg7 55. Ke5 Kh8 56. d5 Kg7 57. d6 Kh8 58. d7 Kg7
59. Kxf5 Kh8 60. d8=Q+ 1-0

[Event "Detroit (Class DE/5/2)"]
[Site "?"]
[Date "1996.??.??"]
[Round "?"]
[White "Zuniga, Jesus"]
[Black "Davey, Scott"]
[Result "1/2-1/2"]
[WhiteElo "1605"]
[BlackElo "1605"]
[PlyCount "61"]
[EventDate "1996.??.??"]

{5/(2)} 1. d4 Nf6 2. c4 c5 3. d5 b5 4. cxb5 a6 5. g3 axb5 6. Bg5 Ne4 7. Bf4 d6
8. Bg2 Nf6 9. a3 g6 10. Nc3 Qb6 11. Qc2 Bg7 12. Nf3 b4 13. Nb1 Nxd5 14. Nfd2
Bb7 15. Nc4 Qc7 16. Qe4 Nxf4 17. Qxb7 Nxg2+ 18. Qxg2 Ra6 19. Qf3 Nc6 20. Nbd2
Nd4 21. Qd3 Nb5 22. Nxd6+ Rxd6 23. Qxb5+ Qc6 24. Qxc6+ Rxc6 25. Nc4 O-O 26. O-O
Rb8 27. Rab1 Re6 28. e3 f5 29. Rfd1 Kf7 30. a4 b3 31. Rd5 1/2-1/2

[Event "Lansing (MI Op/7/13)"]
[Site "?"]
[Date "1996.??.??"]
[Round "?"]
[White "Zubatch, Steve"]
[Black "Yahkind, Alex"]
[Result "0-1"]
[WhiteElo "1800"]
[BlackElo "2035"]
[PlyCount "56"]
[EventDate "1996.??.??"]

{7/(13)} 1. e4 c5 2. Nf3 e6 3. d4 cxd4 4. Nxd4 Nf6 5. Bd3 Nc6 6. c3 d6 7. O-O
e5 8. Nc2 Be7 9. Ne3 Be6 10. Nd2 O-O 11. Qc2 g6 12. Nf3 Nh5 13. Nd5 Bxd5 14.
exd5 Nb8 15. Bh6 Re8 16. h3 Nd7 17. Qd2 Bf8 18. Bxf8 Rxf8 19. Qh6 Qf6 20. Qd2
Nf4 21. Be4 Nc5 22. Rfe1 Nxe4 23. Rxe4 Nxh3+ 24. Kh2 Nf4 25. Rh1 Qf5 26. Rb4
Qg4 27. Ne1 Qh5+ 28. Kg1 Ne2+ 0-1

[Event "Lansing (MI Op/2/15)"]
[Site "?"]
[Date "1996.??.??"]
[Round "?"]
[White "Zubatch, Steve"]
[Black "Wysocki, Jason"]
[Result "1-0"]
[WhiteElo "1800"]
[BlackElo "2125"]
[PlyCount "65"]
[EventDate "1996.??.??"]

{2/(15)} 1. e4 d6 2. d4 Nf6 3. Nc3 c6 4. Bg5 Qa5 5. Bxf6 exf6 6. Bc4 b5 7. Bb3
b4 8. Nce2 g6 9. Nf3 Bg7 10. O-O O-O 11. Ng3 Nd7 12. Qd2 c5 13. a3 Qb6 14. axb4
cxb4 15. Ra4 a5 16. Bd5 Ba6 17. Rfa1 Bb5 18. Rxb4 axb4 19. Bxa8 Bc4 20. b3 Be6
21. h3 Nb8 22. Qd3 Rc8 23. Ra2 Rc3 24. Qd2 Na6 25. Qe2 Nc7 26. Bd5 Bxd5 27.
exd5 f5 28. Qe7 h5 29. Ne2 Bf8 30. Qd7 Nxd5 31. Nxc3 Nxc3 32. Ra7 Ne2+ 33. Kh2
1-0

[Event "Detroit (Class B/4/8)"]
[Site "?"]
[Date "1996.??.??"]
[Round "?"]
[White "Zubatch, Steve"]
[Black "Schell, Ken"]
[Result "1-0"]
[WhiteElo "1720"]
[BlackElo "1705"]
[PlyCount "63"]
[EventDate "1996.??.??"]

{4/(8)} 1. e4 d5 2. e5 e6 3. d4 c5 4. c3 Nc6 5. Nf3 Qb6 6. a3 cxd4 7. cxd4 Nge7
8. b4 Nf5 9. Bb2 h5 10. Qd3 Be7 11. h4 Bd7 12. Nbd2 O-O 13. Be2 Rac8 14. Bc3
Qc7 15. Rc1 Bxb4 16. axb4 Nxb4 17. Qb1 Nc6 18. O-O Qd8 19. g3 Kh8 20. Qxb7 Rc7
21. Qa6 Rg8 22. Ng5 Bc8 23. Qd3 f6 24. Ngf3 g5 25. hxg5 fxg5 26. Kg2 g4 27. Nh4
Nxh4+ 28. gxh4 Qxh4 29. Qg3 Qxg3+ 30. fxg3 Rh7 31. Bd3 Rh6 32. Nb3 1-0

[Event "Ann Arbor (Mini-Swiss/1)"]
[Site "?"]
[Date "1996.??.??"]
[Round "?"]
[White "Zubatch, Steve"]
[Black "Santiago, Reynaldo"]
[Result "0-1"]
[WhiteElo "1795"]
[BlackElo "1940"]
[PlyCount "44"]
[EventDate "1996.??.??"]

1. e4 c5 2. Nf3 Nc6 3. d4 cxd4 4. Nxd4 g6 5. Be3 Bg7 6. Qd2 Nf6 7. f3 O-O 8.
Nc3 d5 9. Nxc6 bxc6 10. O-O-O Be6 11. Bh6 Qa5 12. Bxg7 Kxg7 13. exd5 cxd5 14.
Qd4 Rab8 15. a3 Rb7 16. g4 Kg8 17. g5 Nh5 18. Nxd5 Rd7 19. Bc4 Bxd5 20. Qc3
Qxc3 21. bxc3 Rfd8 22. Bxd5 Rxd5 0-1

[Event "Lansing (MI Op/4/15)"]
[Site "?"]
[Date "1996.??.??"]
[Round "?"]
[White "Zubatch, Steve"]
[Black "LaFata, Sam"]
[Result "0-1"]
[WhiteElo "1800"]
[BlackElo "1995"]
[PlyCount "30"]
[EventDate "1996.??.??"]

{4/(15)} 1. e4 e5 2. Nf3 Nc6 3. Bb5 d6 4. d4 Bd7 5. c3 Nf6 6. d5 Nb8 7. Bd3 c6
8. c4 Na6 9. Be3 Nb4 10. a3 Nxd3+ 11. Qxd3 cxd5 12. cxd5 Qa5+ 13. b4 Bb5 14.
Qc2 Qa6 15. Kd2 Ba4 0-1

[Event "Lansing (MI Op/5/23)"]
[Site "?"]
[Date "1996.??.??"]
[Round "?"]
[White "Zubatch, Steve"]
[Black "Jendras, Gerard"]
[Result "1-0"]
[WhiteElo "1800"]
[BlackElo "1935"]
[PlyCount "69"]
[EventDate "1996.??.??"]

{5/(23)} 1. e4 e5 2. Nf3 Nc6 3. Bb5 a6 4. Ba4 Nf6 5. O-O Be7 6. Re1 b5 7. Bb3
O-O 8. c3 d5 9. exd5 Nxd5 10. Nxe5 Nxe5 11. Rxe5 c6 12. d4 Bd6 13. Re1 Qh4 14.
g3 Qh3 15. Bxd5 cxd5 16. Qf3 Bf5 17. Qxd5 Rae8 18. Re3 Bd3 19. Qg2 Qf5 20. Nd2
Qg4 21. Qf3 Qh3 22. Rxe8 Rxe8 23. Qxd3 Re1+ 24. Nf1 Bf4 25. Bxf4 Rxa1 26. Qe2
h6 27. a3 h5 28. Bd6 Qf5 29. Bb4 Rc1 30. Kg2 Rc2 31. Qf3 Qxf3+ 32. Kxf3 Rxb2
33. d5 f6 34. d6 Rb1 35. Ke2 1-0

[Event "Detroit (Class B/2/12)"]
[Site "?"]
[Date "1996.??.??"]
[Round "?"]
[White "Zubatch, Steve"]
[Black "Blake, J."]
[Result "1-0"]
[WhiteElo "1720"]
[BlackElo "1770"]
[PlyCount "95"]
[EventDate "1996.??.??"]

{2/(12)} 1. e4 c5 2. Nf3 d6 3. d4 cxd4 4. Nxd4 Nf6 5. Nc3 a6 6. Bg5 e6 7. Qd2
Be7 8. f3 Nbd7 9. O-O-O O-O 10. h4 b5 11. Nc6 Qe8 12. Nxe7+ Qxe7 13. Qxd6 Qxd6
14. Rxd6 Bb7 15. g4 Rfd8 16. Bg2 h6 17. Bxf6 Nxf6 18. Rhd1 Rxd6 19. Rxd6 Kf8
20. a3 Ke7 21. Rd2 Rd8 22. Rxd8 Kxd8 23. Kd2 Kc7 24. Kd3 Kd6 25. e5+ Kxe5 26.
f4+ Kxf4 27. Bxb7 Nxg4 28. Bxa6 g5 29. hxg5 hxg5 30. Bxb5 f5 31. a4 e5 32. a5
e4+ 33. Ke2 Nf6 34. a6 Kg3 35. a7 f4 36. a8=Q f3+ 37. Kd1 e3 38. Ne4+ Nxe4 39.
Qxe4 Kf2 40. Qg4 e2+ 41. Bxe2 fxe2+ 42. Qxe2+ Kg3 43. c4 g4 44. c5 Kf4 45. c6
Kg3 46. c7 Kf4 47. c8=Q Kg3 48. Qcxg4# 1-0

[Event "Detroit (WCO/1/15)"]
[Site "?"]
[Date "1996.??.??"]
[Round "?"]
[White "Zarzycki, Katherine"]
[Black "Khraizat, Ali"]
[Result "0-1"]
[WhiteElo "1605"]
[BlackElo "1605"]
[PlyCount "37"]
[EventDate "1996.??.??"]

{1/(15)} 1. e4 e6 2. Nf3 Nf6 3. e5 Ng4 4. Bd3 Bc5 5. O-O Nc6 6. Bb5 Ncxe5 7.
Nxe5 Nxe5 8. d4 a6 9. Be2 Qf6 10. dxc5 b5 11. Nc3 Bb7 12. Re1 Qg6 13. g3 Qf5
14. Bg4 Nxg4 15. Rf1 Ne5 16. f4 Nc4 17. g4 Qxc5+ 18. Rf2 Qc6 19. Qd4 0-1